Normal view MARC view
  • Corriente Basús, Federico,

Entry Nombre Personal

Number of records used in: 2

001 - NUMERO DE CONTROL

  • campo de control: 46427

003 - IDENTIFICADOR DE NUMERO DE CONTROL

  • campo de control: UPN

005 - FECHA Y HORA DE LA ÜLTIMA TRANSACCIÓN

  • campo de control: 20220915160008.0

008 - DATOS DE LONGITUD FIJA

  • campo de control de longitud fija: 220915nn acannaabn n aaa d

040 ## - FUENTE DE CATALOGACIÓN

  • Agencia original de catalogación: UPN

100 1# - ENCABEZAMIENTO - NOMBRE PERSONAL

  • Nombre personal: Corriente Basús, Federico,
  • Fechas asociadas con el nombre: 1965-

670 ## - FUENTE EN LA QUE SE LOCALIZARON DATOS

  • Cita de la fuente: LC

681 ## - NOTA DE ENVÍO A EJEMPLOS DE ENCABEZAMIENTO TEMÁTICO

  • Explanatory text: Traductor e intérprete español nacido en El Cairo

902 ## - CATALOGADOR

  • Catalogador: CAA/150922